00778nam a2200181 a 450000100100000000500170001000800410002704000250006811000500009324000150014324501210015826001330027930000200041270000330043204900090046595201050047499900170057900002897320200930055242.0110413s2000 dr 000 0 spa d aDO-SdBNPbspacBNPHU1 aRepública Dominicanableyes decretos95590610aLeyes, etc13aLa ley 24-97 :buna acción política concertada, su historia /ccompilación y redacción Brinella Fernández. aSanto Domingo :bSecretaría de Etado de la MujerbComisión Ejecutiva para la Reforma del Sector Salud,c2000.fEditora Solar a33 p. ;c28 cm.1 aFernández, Brinella952109 aBNPD 0010718PDaPDbPDcCTd2011-04-13iLF1l0o p28973-10r2020-06-25w2020-06-25yLFPDZNo se presta c28465d28465